| 000 | 00690nam a2200253Ia 4500 | ||
|---|---|---|---|
| 003 | GCL | ||
| 008 | 140319s9999 xx 000 0 ara d | ||
| 040 |
_aGCL / _cGCL |
||
| 082 | 0 | 4 |
_a792.027 _bل د |
| 100 | 1 | _aلويز مليكة | |
| 245 | 1 | 0 |
_aالديكور المسرحى / _cلويز مليكة |
| 260 |
_a[S.N] : _bالهيئة المصرية العامة للكتاب ، _c1990 |
||
| 300 | _a251 ص | ||
| 490 | _a | ||
| 650 | 0 | 4 | _aتصميم |
| 650 | 0 | 4 | _aالتمثيل |
| 650 | 0 | 4 | _aالمسرح |
| 650 | 0 | 4 | _aعمارة |
| 650 | 0 | 4 | _aالمسارح |
| 650 | 0 | 4 | _aالديكور |
| 650 | 0 | 4 | _aالقاعات العامة |
| 650 | 0 | 4 | _aاضاءة |
| 942 |
_2ddc _cBK |
||
| 999 |
_c58852 _d58852 |
||